| 000 | 01493nam a22002537a 4500 | ||
|---|---|---|---|
| 003 | Uzh_bibl | ||
| 008 | 260420b |||||||| |||| 00| 0 ukr d | ||
| 020 |
_a978-617-501-121-8 _c50.00 |
||
| 040 | _bукр. | ||
| 041 |
_2ukr _aukr |
||
| 080 | _a908(477.87)087.5 | ||
| 090 |
_a908(477.87)087.5 _bП42 |
||
| 100 | _aПовх, Лідія | ||
| 245 |
_aНаше місто превеселе _cІл.О.Федоришиної _hТекст |
||
| 260 |
_aУжгород _bТОВ "Іва" _c2017 |
||
| 300 |
_a46 с. _bіл. |
||
| 520 | _aЗі сторінок цієї книжки яскраво проглядається силует прадавнього Ужгорода. Авторка наче бачить місто, життя в ньому та його історичні надбання очима сучасної дитини. Книжка відкриває красу в повсякденні та святі, навчає розуміти та бачити велике в детялях, закликає дитину любити та шанувати своє. | ||
| 521 | _aДля старшого дошкільного та молодшого шкільного віку | ||
| 546 | _aукр. | ||
| 650 |
_aКраєзнавча література _xЛітературно-художнє видання |
||
| 653 |
_aЩо за радість _aНа будові _aу пекарні |
||
| 655 |
_aХудожня література _vВірші |
||
| 942 |
_2udc _cBK |
||
| 999 |
_c17407 _d17407 |
||